| 000 | 00386nam a2200157 a 4500 | ||
|---|---|---|---|
| 005 | 20140414093841.0 | ||
| 008 | 071009s19uu xx uuu eng d | ||
| 050 |
_aVCD 320 _bSUT |
||
| 100 | _aSutherland, Donald | ||
| 245 | _aPlato's republic. | ||
| 260 |
_aSl : _bDiscovery, _cc1996. |
||
| 300 | _a1 video disk | ||
| 650 | _aFilm (documentary). | ||
| 942 | _cAVM | ||
| 999 |
_c109290 _d109290 |
||